000 00894 a2200229 4500
999 _c9641
_d9641
022 _Ino issn
050 0 0 _aKTL19.A35 SOU 1980
100 _aBarnett, M.
_eeditor
110 _aSupreme Court of South Africa
245 0 4 _aSouth African law reports 1980(2)May :
_bDecisions of the Supreme Court of South Africa, South-West Africa division, High court of Zimbabwe, Supreme court of Transkei, Supreme court of Venda /
_c M. Barnett, Buchanan, J.L ...et al
264 _aSouth Africa:
_bJuta and Company LTD
_c1980
300 _a720p..:
500 _aIncludes index
650 7 _aCases decided in Supreme Court
650 7 _aCases overruled, considered, discussed etc
651 7 _aSouth Africa
700 1 _aBuchanan, J.L.
_eeditor
700 1 _aFisher, D.S.
_eeditor
700 1 _aMerwe, P.J
_eeditor
710 1 _aSupreme Court of South Africa
942 _2lcc
_cSERIALS
_h19.A35
_iSOU
_kKTL